| 000 | 01189cam a2200349 i 4500 | ||
|---|---|---|---|
| 001 | 200467560 | ||
| 003 | TR-AnTOB | ||
| 005 | 20260318140640.0 | ||
| 007 | ta | ||
| 008 | 260317s2024 tu b 000 0 tur d | ||
| 020 |
_a9786256805859 _q(paperback) |
||
| 035 | _a(TR-AnTOB)200467560 | ||
| 040 |
_aTR-AnTOB _beng _erda _cTR-AnTOB |
||
| 041 | 0 | _atur | |
| 050 | 4 |
_aKKX2764.A28 _bA39 2024 |
|
| 090 |
_aKKX2764.A28 _bA39 2024 |
||
| 100 | 1 |
_aAkyılmaz, Bahtiyar _eauthor _975663 |
|
| 245 | 1 | 0 |
_aİdari yargı mevzuatı : _banayasa / idari yargı / _cProf. Dr. Bahtiyar Akyılmaz, Prof. Dr. Murat Sezginer, Prof. Dr. Cemil Kaya. |
| 250 | _aGözden geçirilmiş ve güncellenmiş 17. baskı. | ||
| 264 | 1 |
_aAnkara : _bSavaş Yayınevi, _c2024. |
|
| 300 |
_avi, 470 pages ; _c21 cm |
||
| 336 |
_atext _btxt _2rdacontent |
||
| 337 |
_aunmediated _bn _2rdamedia |
||
| 338 |
_avolume _bnc _2rdacarrier |
||
| 504 | _aBIB | ||
| 650 | 7 |
_aİdari yargılama _zTürkiye _2etuturkob _9120820 |
|
| 650 | 7 |
_aİdari mahkemeler _zTürkiye _2etuturkob _958420 |
|
| 700 | 1 |
_aSezginer, Murat _eauthor _973192 |
|
| 700 | 1 |
_aKaya, Cemil _eauthor _9102731 |
|
| 942 |
_2lcc _cRESERVE 3D |
||
| 999 |
_c200467560 _d85772 |
||